| 000 | 00000nas 2200000za 4500 |
| 001 | 9.809406 |
| 003 | CaOODSP |
| 005 | 20221107140626 |
| 007 | cr ||||||||||| |
| 008 | 160119d19481967oncmr p oss f000#a0eng|d |
| 040 | |aCaOODSP|beng |
| 043 | |an-cn--- |
| 086 | 1 |aCS66-002E-PDF |
| 245 | 00|aVolume of highway traffic entering Canada on travellers' vehicle permits |h[electronic resource]. |
| 260 | |aOttawa : |bDominion Bureau of Statistics, |c[1948?]-1967. |
| 310 | |aMonthly |
| 362 | 0 |a[July 1948]-v. 20, no. 3 (Feb. 1967). |
| 500 | |aDigitized edition from print [produced by Statistics Canada]. |
| 500 | |aPreliminary to the quarterly report Travel between Canada and other countries (Cat. no. 55-001). |
| 500 | |aIssues for June 1949-July 1949 published in series: Memorandum. |
| 500 | |aIssues for Aug. 1949-Dec. 1953 published in series: D.B.S. memorandum. |
| 515 | |aIssues for July 1948-Aug. 1949, Jan. 1950 lack date. |
| 515 | |aIssues for Oct. 1959-Dec. 1960 not published. |
| 520 | |aSummary of numbers of travellers between Canada and other countries and selected categories of non-residents (mainly one of more nights traffic) by province of entry. |
| 550 | |aIssued June 1949-Jan. 1961 by Balance of Payments Section; Feb. 1961-Feb. 1965 by Dominion Bureau of Statistics; Mar. 1965-Jan. 1967 by National Accounts and Balance of Payments Division. |
| 692 | 07|2gccst|aTravel |
| 692 | 07|2gccst|aTransport |
| 710 | 1 |aCanada. |bDominion Bureau of Statistics. |bInternational Travel Section. |
| 710 | 1 |aCanada. |bDominion Bureau of Statistics. |bBalance of Payments Section. |
| 710 | 1 |aCanada.|bDominion Bureau of Statistics.|bNational Accounts and Balance of Payments Division. |
| 710 | 1 |aCanada. |bDominion Bureau of Statistics. |
| 785 | 00|tNon-resident vehicles entering Canada |w(CaOODSP)9.849442 |